000 00722 a2200169 4500
020 _c235.00
035 _aB-210785
037 _bRP-WAZIR-NIL / PANSY-07-08:3 / RP-07-08:ENG
082 1 4 _a000
090 _c2095
_d2095
245 1 _aR. Gupta's popular master guide polytechnics common entrance test for admission to full time diploma programmes in polytechnics for test no. 1,4 & 5
260 _aNew Delhi
_bDelhi
_cRamesh Publishing House
270 _a12-H, New Daryaganj Raod, Opp. Traffic Kotwali
_bNew Delhi
_cDelhi
_e110002
_k23261567
_l23275124
300 _aVarious pagings
_c24 cm (pbk)
942 _adpl
_cEN
_k000 / RGU
999 _c2058
_d2058